000 00331nam a22001337a 4500
008 170810b xxu||||| |||| 00| 0 eng d
020 _a9780134771007
041 _aeng
080 _a004
100 _a35
101 _aSHKI
245 _aINTRODUCTION TO ARTIFICIAL INTELLIGENCE & EXPERT SYSTEMS
_cPATTERSON, D.W
942 _2udc
_cBK
999 _c23150
_d23150